Modern Family Season One - Statistics

General Stats
  • This quiz has been taken 1,633 times
  • The average score is 7 of 15
Answer Stats
Hint Answer % Correct
How many episodes are in Season One of Modern Family? 24
89%
How old is the boy that Haley flirts with at the airport, thinking he is cute? 14
75%
What is the name of Cam's clown alter-ego? Fizbo
73%
What does Manny want to wear on his first day of school to show he is proud of his Columbian heritage? Poncho
62%
What does Phil know all th dances to? High School Musical
57%
When in Hawaii, where do Cam and Mitch accidentally leave Lily? Elevator
56%
In 'Fifteen Percent', Jay begins to think that his friend is secretly gay and tries to help. What is his friend actually hiding? He is in debt
52%
What is the name of Phil's alter-ego when role-playing on Valentine's Day? Clive Bixby
50%
What do Phil and Luke find when they adventure under the house? Bones/Halloween Decorations
39%
Who plays Cameron Tucker? Eric Stonestreet
33%
What is the name of the episode where everyone is in Hawaii? Hawaii
26%
What did Jay get Phil for his birthday? Chess Set
17%
In 'The Bicycle Theif', what is the name of the newly single mother that Phil flirts with? Desiree
12%
What game do Jay and Cam play at the gym? Racquetball
11%
Who are the creators of Modern Family? Christoper Lloyd and Steven Levitan
1%
No matching quizzes found
Score Distribution
Percent of People with Each Score
Percentile by Number Answered
Your Score History
You have not taken this quiz